LDR 00980naa#a2200181#i#450# 001 RU\\bibl\19482 005 20260516063342.6 100 ## _a20260515b2026####ek#y0rusy0150####ca 102 ## _aRU 200 1# _aОСОБЕННОСТИ ФОРМИРОВАНИЯ ЖИВОГО НАПОЧВЕННОГО ПОКРОВА НА ТЕРРИТОРИЯХ ООПТ ХРЕНОВСКОГО БОРА _eСтатья/тезисы конференции 210 1# _aВоронеж _cВоронежский государственный лесотехнический университет имени Г.Ф. Морозова _d2026 215 ## _a5 с. 608 ## _aСтатья/тезисы конференции _2local 675 ## _aЛесное хозяйство. Лесоводство. 630 _z 700 #1 _aТолбина _gИрина Александровна 700 #1 _aПопова _gВалентина Трофимовна 700 #1 _aЦепляев _gАлексей Николаевич 856 4# _abibl.vgltu.ru _u